| 000 | 00726nam a2200205 a 4500 | ||
|---|---|---|---|
| 001 | 000044042 | ||
| 005 | 20201002045118.0 | ||
| 008 | 140514s1978 sp 000 0 spa d | ||
| 020 | _a8430621075 | ||
| 040 |
_aDO-SdBNP _bspa _cBNPHU |
||
| 100 | 1 |
_aGilman, Stephen. _972021 |
|
| 240 | 1 | 0 | _aThe Spain of Fernando de Rojas |
| 245 | 1 | 3 |
_aLa España de Fernando de Rojas : _bpanorama intelectual y social de La Celestina / _cStephen Gilman ; versión española de Pedro Rodríguez Santidrián]. |
| 260 |
_aMadrid : _bTaurus, _c1978. |
||
| 300 |
_a534 p. ; _c22 cm. |
||
| 490 | 1 |
_aPersiles _v71 |
|
| 586 | _aTraducción de: The Spain of Fernando de Rojas. | ||
| 700 | 1 | 2 |
_aPedro R Santidrían _972022 |
| 830 | 0 |
_aPersiles _v71 _972023 |
|
| 999 |
_c43531 _d43531 |
||